000 00490nam a2200181Ia 4500
001 16474
005 20260306170312.0
008 260306t2021||||xx |||||||||||||| ||und||
041 _aESP
082 _a348.6
_bJ54I
100 _aJiménez Coronado, Ludmin Gustavo
_eAUT
245 0 _aImpacto en las relaciones laborales en el contexto de la pandemia del Covid-19
260 _c2021
300 _a527 páginas :
_c25 cm.
650 _aGEN
654 _aCDE
942 _cLIB
_dJUS
_fJUS
_2ddc
_n
999 _c16474
_d16474